000 01257nam a22002657a 4500
005 20170124103048.0
010 _aA-707963
020 _c70.00
_a8171191886
035 _aA-707963
037 _bCen Lib/Ret
040 _aDPL
_bHN
082 _a
_bप्रतिनि
245 _aप्रतिनिधि मणिपुरी कहानियाँ /
_cसंपादक देवराज;अनुवादक इबोहल सिंह काडजम
246 _aPratinidhi manipuri kahaniyan /
_bsampadak Devraj;anuvadak Ibohal Singh Kanjam
260 _aनई दिल्ली
_bराधाकृष्ण प्रकाशन
_c1994
270 _a2/38, अंसारी रोड, दरियागंज
_bनई दिल्ली
_e110032
300 _a206पृ.
_c17सेमी (सजिल्द)
650 _a हिन्दी साहित्य
_969704
650 _a हिन्दी साहित्य -- कहानियाँ
_969705
650 _aHindi literature
_969706
650 _aHindi literature -Stories
_969707
700 _aदेवराज
_9500
700 _aकाडजम, इबोहल सिंह
_94285
942 _2ddc
_cHN
_h
_mप्रतिनि
999 _c117038
_d117038